000 00488nam a2200169Ia 4500
999 _c28441
_d28441
003 OSt
005 20201222144840.0
008 190216s9999||||xx |||||||||||||| ||und||
040 _coclc
082 _a894.8128
_bKAR/L
100 _aKarthikeyan, Shornur
_97265
245 0 _aLeelathilakam /
_cShornur Karthikeyan
260 _bPoorna Publication,
_aKozhikode:
_c2001.
300 _a238p
650 _aPadanam
942 _cBK
_2ddc
_h894.8128
_iKAR/L
_k894.8128
_mKAR/L